000 00284nam a2200109Ia 4500
001 1276689
005 20260417160452.0
008 260417s9999 xx 000 0 und d
020 _a9786059153980
245 0 _aSıra Sana Da Gelecek
_cKoray Avcı Çakman
260 _bTudem Yayınları
999 _c1276689
_d1276689